<?xml version="1.0" encoding="UTF-8"?>
<record
    xmlns:xsi="http://www.w3.org/2001/XMLSchema-instance"
    xsi:schemaLocation="http://www.loc.gov/MARC21/slim http://www.loc.gov/standards/marcxml/schema/MARC21slim.xsd"
    xmlns="http://www.loc.gov/MARC21/slim">

  <leader>01740nam a22002777i 4500</leader>
  <datafield tag="999" ind1=" " ind2=" ">
    <subfield code="c">22914</subfield>
    <subfield code="d">22914</subfield>
  </datafield>
  <controlfield tag="003">AR-CdUCM</controlfield>
  <controlfield tag="008">240522b20222022 pe||||| |||| 00| 0 spa d</controlfield>
  <datafield tag="020" ind1=" " ind2=" ">
    <subfield code="a">978-612-49070-3-6</subfield>
  </datafield>
  <datafield tag="040" ind1=" " ind2=" ">
    <subfield code="a">MUNICIPALIDAD PROVINCIAL DEL CUSCO</subfield>
    <subfield code="c">BIBLIOTECA MUNICIPAL DEL CUSCO</subfield>
  </datafield>
  <datafield tag="082" ind1=" " ind2=" ">
    <subfield code="a">358.9620985 / L47</subfield>
    <subfield code="b">L47 </subfield>
  </datafield>
  <datafield tag="100" ind1=" " ind2=" ">
    <subfield code="a">Le&#xF3;n-Velarde Servetto, Fabiola. </subfield>
  </datafield>
  <datafield tag="245" ind1=" " ind2=" ">
    <subfield code="a">Hitos hacia un mejor gobierno de la ciencia, tecnolog&#xED;a e innovaci&#xF3;n en el Per&#xFA; :</subfield>
    <subfield code="b">desarrollo emergente / </subfield>
  </datafield>
  <datafield tag="260" ind1=" " ind2=" ">
    <subfield code="a">Lima :</subfield>
    <subfield code="b">Ministerio de Cultura del Per&#xFA;,</subfield>
    <subfield code="b">Proyecto Especial Bicentenario de la Independencia del Per&#xFA;,</subfield>
    <subfield code="c">2022</subfield>
  </datafield>
  <datafield tag="300" ind1=" " ind2=" ">
    <subfield code="a">200 p&#xE1;ginas. :</subfield>
    <subfield code="c">21 cm.</subfield>
  </datafield>
  <datafield tag="500" ind1=" " ind2=" ">
    <subfield code="z">Bibliograf&#xED;a: p&#xE1;ginas 187 - 198</subfield>
  </datafield>
  <datafield tag="505" ind1=" " ind2=" ">
    <subfield code="a">Evaluaci&#xF3;n de la ciencia, la tecnolog&#xED;a, y la innovaci&#xF3;n en el Per&#xFA; -- El sistema nacional de ciencia, tecnolog&#xED;a e innovaci&#xF3;n -- Planificaci&#xF3;n y pol&#xED;ticas en ciencia, tecnolog&#xED;a e innovaci&#xF3;n -- Evaluaci&#xF3;n de la econom&#xED;a nacional -- Otras realidades -- Situaci&#xF3;n actual de la ciencia, la tecnolog&#xED;a y la innovaci&#xF3;n en el Per&#xFA; -- El futuro de la ciencia, la tecnolog&#xED;a y la innovaci&#xF3;n en el Per&#xFA; -- Ciencia, tecnolog&#xED;a e innovaci&#xF3;n y su relaci&#xF3;n con la salud</subfield>
  </datafield>
  <datafield tag="650" ind1=" " ind2=" ">
    <subfield code="a">Evaluaci&#xF3;n de la ciencia, la tecnolog&#xED;a, y la innovaci&#xF3;n en el Per&#xFA;</subfield>
    <subfield code="9">49933</subfield>
  </datafield>
  <datafield tag="650" ind1=" " ind2=" ">
    <subfield code="a">El sistema nacional de ciencia, tecnolog&#xED;a e innovaci&#xF3;n</subfield>
    <subfield code="9">49934</subfield>
  </datafield>
  <datafield tag="650" ind1=" " ind2=" ">
    <subfield code="a">Planificaci&#xF3;n y pol&#xED;ticas en ciencia, tecnolog&#xED;a e innovaci&#xF3;n</subfield>
    <subfield code="9">49935</subfield>
  </datafield>
  <datafield tag="650" ind1=" " ind2=" ">
    <subfield code="a">Evaluaci&#xF3;n de la econom&#xED;a nacional</subfield>
    <subfield code="9">49936</subfield>
  </datafield>
  <datafield tag="650" ind1=" " ind2=" ">
    <subfield code="a">Ciencia, tecnolog&#xED;a e innovaci&#xF3;n y su relaci&#xF3;n con la salud</subfield>
    <subfield code="9">49937</subfield>
  </datafield>
  <datafield tag="700" ind1=" " ind2=" ">
    <subfield code="a">Adolfo L&#xF3;pez</subfield>
    <subfield code="9">49938</subfield>
  </datafield>
  <datafield tag="856" ind1=" " ind2=" ">
    <subfield code="f">www.bicentenario.gob.pe/biblioteca</subfield>
  </datafield>
  <datafield tag="942" ind1=" " ind2=" ">
    <subfield code="2">ddc</subfield>
    <subfield code="c">LIBROS</subfield>
  </datafield>
  <datafield tag="945" ind1=" " ind2=" ">
    <subfield code="a">pbj</subfield>
    <subfield code="d">2024-05-22</subfield>
  </datafield>
  <datafield tag="952" ind1=" " ind2=" ">
    <subfield code="0">0</subfield>
    <subfield code="2">ddc</subfield>
    <subfield code="4">0</subfield>
    <subfield code="7">0</subfield>
    <subfield code="a">SH</subfield>
    <subfield code="b">SH</subfield>
    <subfield code="c">CART</subfield>
    <subfield code="d">2024-05-22</subfield>
    <subfield code="e">Dep&#xF3;sito Legal</subfield>
    <subfield code="g">20.00</subfield>
    <subfield code="o">358.9620985 / L47 </subfield>
    <subfield code="p">SH0000016751</subfield>
    <subfield code="r">2024-05-22</subfield>
    <subfield code="y">LIBROS</subfield>
  </datafield>
</record>
